[Event "Asian Zonal 3.3 Women 2019"]
[Site "Ulaanbaatar"]
[Date "2019.04.13"]
[Round "7.6"]
[White "Nguyen, Thi Thanh An"]
[Black "Pham, Bich Ngoc"]
[Result "*"]
[WhiteElo "2264"]
[BlackElo "2160"]
[Annotator "NA"]
[PlyCount "61"]
[EventDate "2019.04.07"]
[EventType "swiss"]
[EventRounds "9"]
[EventCountry "MGL"]
[SourceTitle "playchess.com"]
[Source "ChessBase"]
[SourceQuality "1"]
[TimeControl "40/5400+30:1800+30"]

{[%evp 9,61,47,79,86,82,88,94,62,61,63,44,29,33,29,42,25,93,83,103,110,98,115,112,91,102,94,137,100,195,133,133,137,150,141,294,173,203,214,200,197,353,110,712,729,1065,1060,29990,29991,29992,29993,29995,29996,29996,29997]} 1. d4 {[%emt 0:00:00]} d6 {[%emt 0:00:19]} 2. e4 {[%emt 0:01:53]} Nc6 {[%emt 0:01:30]} 3. d5 {[%emt 0:04:22]} Ne5 {[%emt 0:00:15]} (3... Nb8 4. c4 Nf6 5. Nc3 g6 6. h3 Bg7 7. Nf3 O-O 8. Bd3 e5 9. dxe6 Bxe6 10. O-O Nc6 11. Re1 Re8 12. Bf4 Nd7 13. Bf1 Nde5 14. Nd5 Nxf3+ 15. Qxf3 Ne5 {1-0 (40) Perez Ponsa,F (2553)-Shabalov,A (2544) chess.com INT 2018}) 4. Be2 {[%emt 0:00:06]} Nf6 {[%emt 0:07:36]} 5. Nc3 {[%emt 0:00:10]} e6 {[%emt 0:02:35]} 6. f4 {[%emt 0:03:52] B00: Queen's Fianchetto Defence, Nimzowitsch Defence} Ng6 {[%emt 0:00:18]} 7. dxe6 {[%emt 0:00:15]} fxe6 {[%emt 0:00:14]} 8. Nf3 {[%emt 0:00:14] White is better.} Be7 {[%emt 0:06:11]} 9. O-O $146 {[%emt 0:03:57]} ({Predecessor:} 9. Ng5 O-O 10. Bc4 d5 11. exd5 Nxd5 12. Nxd5 Bxg5 13. fxg5 exd5 14. Qxd5+ Qxd5 15. Bxd5+ {1-0 (60) Burnett,J (2105)-Flores,M (2027) Warwick 2018}) 9... O-O {[%emt 0:00:11]} 10. g3 {[%emt 0:00:35]} d5 {[%emt 0:01:56]} 11. Bd3 {[%emt 0:09:57]} c5 {[%emt 0:17:00]} 12. e5 {[%emt 0:03:13]} Nd7 {[%emt 0:03:22]} (12... Ng4 $11) 13. h4 $36 {[%emt 0:11:24] White is on the roll.} c4 {[%emt 0:03:01]} 14. Bxg6 $1 {[%emt 0:04:07]} hxg6 {[%emt 0:00:21]} 15. Be3 {[%emt 0:00:10]} Nb8 {[%emt 0:02:43]} 16. Qe2 {[%emt 0:02:52]} Nc6 {[%emt 0:00:20]} 17. Rad1 {[%emt 0:00:06]} Qa5 {[%emt 0:00:31]} 18. a3 {[%emt 0:01:41]} b5 {[%emt 0:01:09]} (18... Bd7 $16) 19. Nd4 {[%emt 0:01:18]} ({White should play} 19. h5 $1 $18 {[%cal Rh5g6]} gxh5 20. Ng5) 19... Nxd4 {[%emt 0:00:38]} 20. Bxd4 {[%emt 0:00:14]} ({But not} 20. Rxd4 $6 Bc5 $14) 20... b4 {[%emt 0:01:48]} 21. axb4 {[%emt 0:00:12]} Qxb4 $2 {[%emt 0:00:19] [#]} (21... Bxb4 $16 {is a better defense.} 22. Qg4 Qc7) 22. Qg4 {[%emt 0:06:52]} (22. h5 $142 $1 {[%cal Rh5g6]} g5 {[#]} 23. h6 $1 {[%mdl 512]}) 22... Bc5 {[%emt 0:00:25]} 23. Ne2 {[%emt 0:00:29]} ({Less strong is} 23. Qxg6 Bxd4+ 24. Rxd4 Qxb2 $14) 23... Bxd4+ {[%emt 0:02:24]} 24. Nxd4 {[%emt 0:00:05]} Qxb2 $2 {[%emt 0:00:46]} (24... Qe7 25. Qxg6 Rb8) 25. Qxg6 $2 {[%emt 0:00:08]} (25. h5 $18 {is more deadly.} gxh5 26. Qxh5) 25... a5 $2 {[%emt 0:03:52]} (25... Qb7 $16) 26. Nf3 $18 {[%emt 0:05:24]} Qb6+ {[%emt 0:12:36]} 27. Kh2 {[%emt 0:01:46]} Rd8 {[%emt 0:02:16]} 28. Ng5 {[%emt 0:01:49] White mates.} Ra7 {[%emt 0:00:14] [#]} 29. f5 $1 {[%emt 0:02:31]} Qe3 {[%emt 0:03:01]} (29... exf5 30. Qxb6) 30. Qh7+ {[%emt 0:01:03]} Kf8 {[%emt 0:00:05]} 31. fxe6+ {[%emt 0:00:08] Discovered Attack. Accuracy: White = 70%, Black = 23%.} *

[Event "Asian Zonal 3.3 Women 2019"]
[Site "Ulaanbaatar"]
[Date "2019.04.13"]
[Round "7.7"]
[White "Yanjinlkham, Bayarsaikhan"]
[Black "Nguyen, Thi Mai Hung"]
[Result "1-0"]
[WhiteElo "1951"]
[BlackElo "2281"]
[Annotator "TA"]
[PlyCount "59"]
[EventDate "2019.04.07"]
[EventType "swiss"]
[EventRounds "9"]
[EventCountry "MGL"]
[SourceTitle "playchess.com"]
[Source "ChessBase"]
[SourceQuality "1"]

{[%evp 11,59,0,26,-16,19,-3,0,0,0,0,0,0,0,0,89,84,90,95,90,39,47,16,31,34,118,103,104,95,87,93,90,33,71,16,77,53,673,663,837,830,2609,2577,2706,2685,2390,2513,2014,1871,29992,29993]} 1. d4 d5 2. c4 c6 3. Nf3 e6 4. Nc3 dxc4 5. g3 b5 6. Bg2 Bb7 7. O-O {D31: Queen's Gambit Declined: Semi-Slav without ...Nf6 (+ Marshall Gambit and Noteboom) and Exchange Variation lines without ...Nf6} (7. Ne5 Qc8 8. O-O Nd7 9. b3 b4 10. Ne4 Nxe5 11. dxe5 c3 12. Qd3 a5 13. Be3 f5 14. exf6 Nxf6 15. Nxf6+ gxf6 16. Bf3 Kf7 17. Rfd1 h5 18. a4 Rb8 19. Ba7 Ra8 20. Be3 Rb8 21. Ba7 Ra8 {½-½ (21) Nakamura,H (2759)-Ivanchuk,V (2766) Wijk aan Zee 2012}) 7... a6 8. e4 Nf6 9. e5 {The position is equal.} Nd5 10. Ng5 h6 11. Qh5 {[%csl Gg5][%cal Rh5f7]} g6 12. Qh3 $40 {[%mdl 128] White attacks.} Nxc3 $146 (12... Nd7 $1 $11) ({Predecessor:} 12... Nd7 13. Re1 Nxc3 14. bxc3 {1-0 (32) Cordova,E (2538)-Gomez Garrido,C (2537) Bogota 2011}) 13. bxc3 $16 Qc8 14. Ne4 Nd7 15. a4 (15. Bg5 $16) 15... c5 $14 16. Be3 cxd4 17. Bxd4 Be7 {[#]} ({Better is} 17... Rb8 $14) 18. Rfe1 $1 $16 Kf8 19. Nd6 Bxd6 20. exd6 Rh7 21. g4 (21. f4 $16) 21... Kg8 22. f4 Nf8 (22... Rb8 $11 {remains equal.}) 23. Qg3 f5 $2 {[%mdl 8192]} (23... Bxg2 $14 24. Qxg2 Rb8) 24. gxf5 $18 exf5 25. Re7 Bc6 26. Rae1 {Rxh7 would kill now.} Be4 27. R1xe4 fxe4 28. Bxe4 {[%mdl 64] [#] Threatening mate with Bd5+. Double Attack} Rxe7 29. dxe7 Rb8 30. Bxg6 {Accuracy: White = 60%, Black = 30%.} 1-0

[Event "Asian Zonal 3.3 Women 2019"]
[Site "Ulaanbaatar"]
[Date "2019.04.13"]
[Round "7.8"]
[White "Le, Thanh Tu"]
[Black "Sihite, Chelsie Monica Igne"]
[Result "0-1"]
[WhiteElo "2220"]
[BlackElo "2227"]
[Annotator "TA"]
[PlyCount "82"]
[EventDate "2019.04.07"]
[EventType "swiss"]
[EventRounds "9"]
[EventCountry "MGL"]
[SourceTitle "playchess.com"]
[Source "ChessBase"]
[SourceQuality "1"]

{[%evp 9,82,8,4,0,16,6,7,0,3,-29,0,-14,40,0,0,0,0,0,2,0,0,-6,-6,-11,35,-6,32,0,0,0,27,22,22,6,14,25,16,17,4,0,0,0,17,26,33,10,194,69,66,54,68,-208,-221,-218,-231,-223,-222,-179,-220,-434,-363,-29983,-29972,-29970,-29973,-5077,-2022,-1687,-1558,-29964,-29965,-6977,-5193,-29978,-29974]} 1. d4 Nf6 2. c4 b6 3. f3 Nc6 (3... Bb7 4. e4 e6 5. Nc3 d5 6. cxd5 exd5 7. e5 Nfd7 8. f4 c5 9. Nf3 Nc6 10. Be3 cxd4 11. Nxd4 Bc5 12. Bb5 Nxd4 13. Bxd4 {1-0 (33) Matlakov,M (2700)-Mamedyarov,S (2817) St Petersburg 2018}) 4. e4 e5 5. d5 Nd4 6. Be3 {A50: Queen's Fianchetto Defence (1 d4 Nf6 2 c4 b6)} Bc5 7. Bf2 $146 ({Predecessor:} 7. Qd2 Nc2+ 8. Qxc2 Bxe3 9. Ne2 Qe7 10. Ng3 g6 11. Nd2 {0-1 (24) Tereshechkina,M (2068)-Popov,I (2648) Sochi 2015}) 7... O-O 8. Nc3 {The position is equal.} c6 9. a3 a5 10. Bd3 Re8 ({Black should play} 10... cxd5 $11 11. cxd5 Nh5) 11. Rb1 {[#]} b5 $1 {[%mdl 512]} 12. Nge2 (12. cxb5 cxd5) 12... Nxe2 13. Qxe2 Bxf2+ 14. Qxf2 b4 15. axb4 axb4 16. Ne2 Ra5 17. O-O cxd5 18. exd5 d6 19. Ng3 Bd7 20. Kh1 Qc7 21. h3 Qa7 22. Qd2 Qc5 23. Rbe1 Raa8 24. Ra1 Qd4 25. Ne2 Qh4 (25... Qb6 {is interesting.} 26. Ng3 h6 27. Kh2 Qd4 28. Ne2 Qc5) 26. Rxa8 Rxa8 27. Qxb4 (27. Kh2 {with more complications.} Bc8 28. Kg1 Rb8 29. Qe3 Nd7 30. f4) 27... e4 $2 (27... Bxh3 $1 $11 28. Qe1 (28. gxh3 e4 $11) 28... Bxg2+ 29. Kxg2 Qg5+ 30. Kh3 Qh6+ 31. Kg2 Qg5+ 32. Kh3 Qh6+ 33. Qh4 Qe3) 28. Bxe4 (28. fxe4 $18 Nxe4 29. Bxe4 Qxe4 30. Ng3) 28... Nxe4 $14 29. fxe4 Bxh3 $1 {And now ...Bg4+ would win.} 30. gxh3 $2 {[%mdl 8192]} (30. Qe1 $14 {stays ahead.} Qxe1 31. Rxe1) 30... Qxh3+ $19 31. Kg1 Qe3+ 32. Rf2 Ra1+ 33. Kg2 {[%cal Rb4b8]} Qxe4+ 34. Kg3 $2 {[#]} (34. Kh3 Rh1+ 35. Rh2 Rxh2+ 36. Kxh2 Qxe2+ 37. Kh3 Qf3+ 38. Kh2 Qf4+ 39. Kg2) 34... h5 $1 {[%cal Bh7h5,Bh5h4][%mdl 32]} 35. Qb8+ $2 (35. Qxd6 $19 Rh1 36. Rxf7 Qh4+ 37. Kf3 Rf1+ 38. Ke3 Rxf7 39. Nd4) 35... Kh7 36. Qxd6 h4+ 37. Kh3 Rh1+ (37... Qe3+ $142 38. Kxh4 Qxf2+ 39. Ng3 Rh1+ 40. Kg5 Rh6 41. Qxh6+ gxh6+ 42. Kg4 Qd4+ 43. Kf3 Qxc4) 38. Rh2 {[#]} Rf1 $1 {( -> ...f5)} 39. Ng3 Rf3 40. Rg2 f5 41. b3 Rxg3+ {Precision: White = 31%, Black = 59%.} 0-1

[Event "Asian Zonal 3.3 Women 2019"]
[Site "Ulaanbaatar"]
[Date "2019.04.13"]
[Round "7.9"]
[White "Mandukhai, Myagmarsuren"]
[Black "Sukandar, Irine Kharisma"]
[Result "0-1"]
[WhiteElo "1902"]
[BlackElo "2384"]
[Annotator "TA"]
[PlyCount "60"]
[EventDate "2019.04.07"]
[EventType "swiss"]
[EventRounds "9"]
[EventCountry "MGL"]
[SourceTitle "playchess.com"]
[Source "ChessBase"]
[SourceQuality "1"]

{[%evp 16,60,42,35,62,68,71,71,81,82,118,119,106,107,94,94,103,-62,-53,-57,-68,-447,-449,-423,-422,-416,-401,-407,-375,-462,-426,-560,-550,-655,-619,-822,-819,-771,-784,-919,-916,-858,-755,-1570,-956,-938,-903]} 1. d4 Nf6 2. c4 e6 3. Nc3 Bb4 4. g3 c5 5. Nf3 b6 6. Bg2 Bb7 7. O-O O-O 8. d5 Bxc3 9. bxc3 Re8 {[%cal Re6d5] E21: Nimzo-Indian: 4 Nf3} 10. Nh4 e5 11. e4 d6 {White is better.} 12. f4 $146 ({Predecessor:} 12. Qd3 Nbd7 13. Bh3 Nf8 14. a4 Ng6 15. Ng2 a5 16. Ne3 Ne7 17. Kg2 {1-0 (59) Karpov,A (2619)-Polgar,J (2680) Moscow 2009}) 12... exf4 13. Bxf4 Bc8 14. Bg5 Nbd7 {Black wants to play ...h6.} 15. Nf5 h6 16. Qc1 $2 ({Better is} 16. Bxh6 $16 gxh6 17. Qd2) 16... hxg5 $15 17. Qxg5 {[%csl Gf5][%cal Rg5g7]} g6 {And now ...Re5 would win.} 18. Bh3 $2 {[%mdl 8192]} (18. Nxd6 $2 Re5 $19) (18. Nh6+ $1 $15 Kf8 19. g4) 18... Ne5 $19 19. Nh6+ Kg7 20. Bxc8 Rxc8 21. Nf5+ Kg8 22. Nh6+ Kh7 {Black is clearly winning.} (22... Kg7 $2 23. Nf5+ Kg8 24. Nxd6 $1 $19 {[%mdl 512]}) 23. Kh1 Nxe4 24. Qf4 Ng5 25. h4 Kxh6 26. Kg2 f5 27. hxg5+ {[#]} Kg7 $1 28. Rh1 Nf7 29. Rh4 Qxg5 30. Qf2 Rh8 {Accuracy: White = 27%, Black = 85%.} 0-1

[Event "Asian Zonal 3.3 Women 2019"]
[Site "Ulaanbaatar"]
[Date "2019.04.13"]
[Round "7.10"]
[White "Amina, Battsooj"]
[Black "Frayna, Janelle Mae"]
[Result "0-1"]
[WhiteElo "2155"]
[BlackElo "2163"]
[Annotator "TA"]
[PlyCount "140"]
[EventDate "2019.04.07"]
[EventType "swiss"]
[EventRounds "9"]
[EventCountry "MGL"]
[SourceTitle "playchess.com"]
[Source "ChessBase"]
[SourceQuality "1"]

{[%evp 24,140,-23,-28,0,-14,29,25,14,-14,43,-31,-38,-33,-34,-41,0,0,0,-33,21,13,18,13,16,17,22,25,20,4,44,42,45,33,48,5,14,0,41,0,38,33,49,49,52,37,38,0,0,0,0,0,41,41,71,0,0,-96,0,-422,-254,-999,-999,-899,-922,-658,-653,-699,-443,-443,-442,-408,0,-2178,-654,-633,-550,-2462,-4420,-4610,-1097,-529,0,-4610,-976,-4814,-4694,-29955,-29957,-12845,-12843,-7915,-7272,-5073,-5065,-29981,-29982,-29982,-29982,-29981,-29981,-29978,-4686,-29982,-29983,-29979,-29978,-29987,-29988,-29987,-29988,-29988,-29989,-29989,-29990,-29992,-29991,-29991,-29992]} 1. e4 g6 2. d4 Bg7 3. Nf3 d6 4. Nc3 Nf6 5. Bc4 O-O 6. O-O Nxe4 7. Nxe4 d5 8. Bd3 dxe4 9. Bxe4 Nd7 10. c3 c5 11. dxc5 Nxc5 12. Bc2 Qc7 13. Qe2 e5 {B08: Pirc Defence: Classical System} 14. Re1 {[%cal Rf3e5]} Re8 15. Be3 $146 ({Predecessor:} 15. Bf4 Bg4 16. Bg3 Qc6 17. Qe3 Bxf3 18. gxf3 {0-1 (36) Medvescek,J-Rudolf,H (2308) Nova Gorica 2000}) 15... b6 {White has an edge.} 16. Ng5 (16. Bxc5 $5 bxc5 17. Bb3 $11) 16... Bb7 (16... Ba6 $11 17. Qf3 h6) 17. Qg4 (17. Rad1 $14) 17... h6 $15 18. Nf3 Rad8 19. Rad1 Bd5 20. Qh4 h5 21. Nd2 Qb7 {[#]} (21... Bxa2 $15 22. b3 e4) 22. Ne4 $1 {[%mdl 512]} Nxe4 23. Bxe4 {[%mdl 64] Hoping for c4! Pin} Rd7 24. Bxd5 Rxd5 25. Rxd5 Qxd5 26. Qa4 Rd8 27. Qxa7 b5 28. Qb6 Rd6 29. Qb8+ Rd8 30. Qb6 Rd6 31. Qa7 Rd7 32. Qa3 Qd1 {[%cal Rd1e1]} 33. Rf1 Qe2 34. h3 Kh7 35. Qb4 f5 36. a4 f4 37. Bc5 bxa4 38. Qxa4 Rd2 39. b4 (39. Qa7 $16 {White threatens Bf8 and mate.} Qd3 40. Bf8) 39... f3 $11 40. g3 (40. Rc1 $11) 40... Rc2 $40 {[%mdl 128] Black has some attack.} (40... h4 $1 $17 {[%cal Rh4g3]} 41. g4 (41. gxh4 Qc4 $11) 41... Rd3) 41. Qa3 $2 {[%mdl 8192]} (41. Ra1 $11 {and White has nothing to worry.}) 41... e4 42. Bd4 $2 {[#]} (42. Qa1 Rxc3 43. Qe1) 42... e3 $1 $19 {[%mdl 512]} 43. Qa1 (43. Bxe3 Rxc3) 43... Bxd4 44. cxd4 {[%mdl 4096] Endgame KQR-KQR} Qd3 45. d5 e2 46. Qa7+ Kh6 47. Re1 Rd2 $2 ({Better is} 47... Qxd5 $19 {...Rd2 is the strong threat.} 48. Qe3+ Kh7 49. Qa7+ Kg8 50. Qb8+ Kg7) 48. Qe3+ $2 {[%mdl 8192]} (48. Qb8 $11) 48... g5 (48... Qxe3 $142 49. fxe3 Rd1) 49. Qe8 Qxd5 {Strongly threatening ...Rd1.} 50. Qh8+ Kg6 51. Qe8+ Kf6 (51... Qf7 $142 52. Qe4+ Kg7 53. Qe5+ Qf6 54. Qc7+ Kh6) 52. Qf8+ Kg6 (52... Ke6 $142 53. Qh6+ Ke5 54. Qxg5+ Ke4 55. Qg6+ Kd4) 53. Qe8+ Qf7 54. Qe4+ Kg7 55. Qe5+ Qf6 56. Qc7+ Kh6 57. Qc1 Qd6 58. Qc3 Rd1 {( -> ...Rxe1+)} 59. Qh8+ Kg6 60. Qg8+ Kf6 61. Qh8+ Ke7 62. Qg7+ Ke8 (62... Kd8 $142 63. Kh2 Rxe1 64. Qc3 Rd1 65. Qh8+ Kd7 66. Qh7+ Qe7 67. Qf5+ Qe6 68. Qb5+ Kc7 69. Qc5+ Kb7 70. g4 {[#]} Rh1+ $1 {[%mdl 576] Decoy, Promotion} 71. Kxh1 e1=Q+ 72. Kh2 Q6e5+ {[%mdl 64] Overworked Piece} 73. Qxe5 Qxf2+ 74. Kh1 Qg2#) 63. Qg8+ Kd7 {Black mates.} 64. Qf7+ Kd8 65. Qg8+ Kc7 66. Qf7+ Kb6 67. Qxf3 Rxe1+ 68. Kh2 Qe5 69. b5 Rc1 70. Qa8 e1=Q {Accuracy: White = 35%, Black = 52%.} 0-1

[Event "Asian Zonal 3.3 Women 2019"]
[Site "Ulaanbaatar"]
[Date "2019.04.13"]
[Round "7.11"]
[White "Bayarmaa, Bayarjargal"]
[Black "Mendoza, Shania Mae"]
[Result "0-1"]
[WhiteElo "2147"]
[BlackElo "2156"]
[Annotator "TA"]
[PlyCount "110"]
[EventDate "2019.04.07"]
[EventType "swiss"]
[EventRounds "9"]
[EventCountry "MGL"]
[SourceTitle "playchess.com"]
[Source "ChessBase"]
[SourceQuality "1"]

{[%evp 17,110,41,31,27,31,19,32,38,52,41,52,52,66,27,30,33,24,20,64,55,58,0,6,0,6,-7,-2,-9,-7,-31,-23,-21,-18,-133,-133,-143,-116,-102,295,-92,-9,-16,-16,-172,0,-2,0,0,0,-12,-14,-98,-95,-105,-82,-91,-78,-177,-77,-83,-55,-174,-86,-99,0,-172,-162,-163,-141,-246,-252,-359,-368,-1319,-459,-637,-634,-851,-833,-843,-834,-823,-822,-808,-791,-799,-772,-671,-641,-5193,-5097,-2120,-759,-2052,-298]} 1. e4 c6 2. d4 d5 3. exd5 cxd5 4. Bd3 Nc6 5. c3 Nf6 6. Bf4 g6 7. Nf3 Bg7 8. O-O O-O 9. Re1 Nh5 10. Bd2 {B13: Caro-Kann: Exchange Variation and Panov-Botvinnik Attack} Qc7 11. Na3 a6 12. Nc2 {White is slightly better.} e5 $146 ({Predecessor:} 12... b5 13. a3 Rd8 14. h3 Na5 15. Rb1 Nc4 16. Bc1 Re8 17. Ne3 Nf6 {0-1 (30) Gazis,E (2214)-Prohaszka,P (2585) Aghios Kirykos 2014}) 13. dxe5 Nxe5 14. Nxe5 Bxe5 15. h3 Bd7 16. Qf3 Rfe8 17. Be3 Nf4 18. Bxf4 Bxf4 19. Nd4 ({White should play} 19. Nb4 $14 Be5 20. Rad1 (20. Nxd5 Qd6 $14) (20. Qxd5 Rad8 $11)) 19... Qd6 20. Bc2 Be5 21. Red1 Re7 22. Bb3 Bc6 23. Qd3 Bxd4 24. Qxd4 Rae8 25. g3 (25. Qb4 $11 Qxb4 26. cxb4) 25... Re4 $17 26. Qd3 {[#]} Re3 $1 {[%mdl 512]} 27. Qf1 (27. Qxe3 Rxe3) 27... d4 $2 {[%mdl 8192] [#]} (27... Re2 $17 {and life is bright.} 28. Rab1 R8e3 $1 {[%mdl 512]}) 28. Kh2 $2 (28. Bxf7+ $1 $18 {[%mdl 512]} Kg7 (28... Kxf7 29. Rxd4) 29. Kh2) 28... Rf3 ({Black should try} 28... R3e4 $1 $17 29. Rac1 Qf6 30. Rxd4 Rxd4 31. cxd4 Qxd4) 29. Rxd4 $11 Qf6 30. Rd2 $2 (30. Kg1 $11) 30... Bb5 $2 (30... h5 $1 $19 {[%cal Rh5h4] Hoping for ...h4.} 31. Kg1 h4) 31. c4 Bc6 32. Re1 Rd8 33. Rxd8+ Qxd8 34. Rd1 (34. Bd1 $11 {remains equal.} Rd3 35. Be2) 34... Qf6 $1 $17 {[%csl LRb2,LRf2]} 35. Kg1 Qxb2 36. Rd3 Rf6 37. Qe1 (37. Re3 $17) 37... Kg7 (37... Re6 $19 38. Qf1 Re4 39. Rd8+ Kg7) 38. c5 a5 39. Qd2 {[#]} (39. Bd5 $1 $15) 39... Qa1+ (39... Qxd2 $1 $19 {and Black stays clearly on top.} 40. Rxd2 Rf5) 40. Qd1 Qb2 $40 {[%mdl 128] Black is up to no good.} (40... Qxd1+ $17 41. Bxd1 Rf5) 41. Qd2 $1 $19 {[%cal Rd2b2] [#]} Qxd2 $1 42. Rxd2 {[%mdl 4096] Endgame KRB-KRB} Rf5 43. g4 (43. Kf1 $17 {might work better.}) 43... Rxc5 44. Rd4 (44. Bd1 $142) 44... b5 45. Rf4 $2 (45. Rd2 a4 46. Bc2) 45... f6 (45... Rc1+ $142 46. Kh2 Rh1+ 47. Kg3 Rg1+ 48. Kh4 f6) 46. Rd4 a4 47. Be6 Rc1+ 48. Kh2 Rh1+ 49. Kg3 Rg1+ 50. Kf4 g5+ 51. Kf5 Re1 {[%csl Gf6][%cal Re1e5]} 52. f4 Be8 {[%csl Gg7,Gh7][%cal Re8g6]} 53. Rd7+ Bxd7 54. Bxd7 Rf1 (54... gxf4 $142 55. Kxf4 Re2 56. Bxb5 Rxa2) 55. Bc6 Rxf4+ {Accuracy: White = 24%, Black = 50%.} 0-1

[Event "Asian Zonal 3.3 Women 2019"]
[Site "Ulaanbaatar"]
[Date "2019.04.13"]
[Round "7.13"]
[White "Margadgua, Erdenebayar"]
[Black "Anu, Bayar"]
[Result "0-1"]
[WhiteElo "1585"]
[BlackElo "2146"]
[Annotator "TA"]
[PlyCount "110"]
[EventDate "2019.04.07"]
[EventType "swiss"]
[EventRounds "9"]
[EventCountry "MGL"]
[SourceTitle "playchess.com"]
[Source "ChessBase"]
[SourceQuality "1"]

{[%evp 9,110,23,46,0,22,3,18,-5,32,-16,18,2,15,12,2,-31,0,0,0,0,0,-57,-34,-95,-56,-65,-16,-21,-12,-21,-17,-170,-170,-160,-154,-187,-188,-185,-121,-154,-110,-174,-102,-150,-150,-147,-144,-167,-101,-160,-134,-237,-249,-510,-220,-719,-388,-434,-434,-1051,-1051,-29975,-29969,-5717,-5693,-29981,-671,-638,-641,-665,-646,-647,-643,-638,-570,-566,-553,-675,-541,-858,-842,-6459,-6211,-6287,-6255,-6138,-6086,-12800,-6529,-6084,-2266,-6099,-5525,-5398,-5210,-2535,-2438,-6223,-5563,-29986,-29987,-29988,-29987]} 1. e4 c5 2. Nf3 a6 3. c3 g6 (3... d5 4. exd5 Qxd5 5. d4 Bg4 6. dxc5 Qxc5 7. Be3 Qc7 8. Nbd2 Nf6 9. h3 Bh5 10. Qa4+ Nc6 11. Nd4 Rc8 12. Nxc6 Qxc6 13. Qxc6+ Rxc6 {½-½ (42) Anand,V (2782)-Artemiev,V (2691) Riadh 2017}) 4. Be2 Bg7 5. O-O Nf6 6. d3 {B28: Sicilian: 2 Nf3 a6 (O'Kelly Variation)} O-O 7. Be3 d6 8. h3 {The position is equal.} b5 $146 ({Predecessor:} 8... Nbd7 9. Nh2 b5 10. Nd2 Bb7 11. f4 e5 {0-1 (26) Palotai,P (2039)-Khukhashvili,S (2272) Aviles 2000}) 9. Qc1 Re8 10. Nbd2 Bb7 11. a4 Nbd7 12. Qc2 Qc7 13. axb5 axb5 14. Qb3 Bc6 15. Ng5 (15. Qc2 $11) 15... e6 (15... d5 {feels hotter.} 16. exd5 Nxd5 17. Bf3 e6 18. Bxd5 exd5 19. Rxa8 Rxa8 20. Ngf3 b4) 16. f4 (16. Bf4 $15) 16... h6 17. Ngf3 b4 18. Qc2 bxc3 19. bxc3 Nh5 $36 {[%cal Bf6h5,Bh5g3,Bg3e2][%mdl 2080] Black has the initiative.} 20. d4 $2 (20. Kf2 $11) 20... Ng3 $19 21. Rxa8 Nxe2+ ({Much less strong is} 21... Bxa8 22. Re1 $17) 22. Kf2 Rxa8 23. Kxe2 cxd4 ({Better is} 23... d5 $19 {And now ...dxe4 would win.} 24. Kf2 dxe4 25. Nxe4 Bd5) 24. Bxd4 Ba4 25. Qc1 (25. Qd3 $17 {is a better defense.}) 25... Nc5 ({Black should play} 25... e5 $19 26. fxe5 dxe5) 26. Bxg7 Kxg7 27. c4 Bc6 {Threatens to win with ...Ra2.} 28. Qc2 Qa7 (28... e5 $19 {White must now prevent ...Ra3.} 29. fxe5 dxe5) 29. Qc3+ (29. Nd4 $142 Qc7 30. Kf2) 29... Kg8 30. Qe3 (30. e5 $17) 30... Qa2 31. e5 $2 (31. Rb1) 31... Ne4 (31... Ra3 $142 32. Qd4 Rd3 33. Qxd3 Nxd3 34. Kxd3 d5) 32. Rc1 $2 (32. Rb1) 32... Ng3+ 33. Ke1 Ra3 34. Qb6 (34. Qf2 $142 Rd3 35. Rd1) 34... Bxf3 35. gxf3 {[#]} Rxf3 $1 {[%mdl 512]} 36. Qg1 {[#]} (36. Nxf3 Qe2#) 36... dxe5 $1 {[%mdl 512]} 37. fxe5 Rf1+ (37... Qb2 $142 38. Rb1 Qxe5+ 39. Kd1 Qe2+ 40. Kc2 Qd3+ 41. Kd1 Ne4 42. Rb8+ Kh7 43. Rd8 Qxd8 44. Qe1 {[#]} Rf1 $1 {[%mdl 512]} 45. Kc2 Rxe1 46. Nxe4 Rxe4 47. Kc3 Re3+ 48. Kb4 Qb6+ 49. Ka4 Qc5 50. h4 Ra3#) 38. Qxf1 Nxf1 39. Nxf1 {[%mdl 4096] Endgame KQ-KRN} Qb2 40. Kd1 Qxe5 41. c5 Qd5+ 42. Nd2 Qc6 43. Nb3 e5 44. h4 f5 45. Rc2 Qf3+ 46. Kc1 Qxb3 {KQ-KR} 47. c6 Qa3+ 48. Kd1 Qa1+ 49. Ke2 Qa6+ 50. Kd1 Kf7 51. c7 Qc8 52. Ke2 Ke6 53. Rc6+ Kd5 54. Rxg6 Qxc7 55. h5 Ke4 {Precision: White = 22%, Black = 37%.} 0-1

[Event "Asian Zonal 3.3 Women 2019"]
[Site "Ulaanbaatar"]
[Date "2019.04.13"]
[Round "7.14"]
[White "Urangoo, Kherlenzorig"]
[Black "Mungunzul, Bat-Erdene"]
[Result "0-1"]
[WhiteElo "1475"]
[BlackElo "1906"]
[Annotator "NA RC"]
[PlyCount "124"]
[EventDate "2019.04.07"]
[EventType "swiss"]
[EventRounds "9"]
[EventCountry "MGL"]
[SourceTitle "playchess.com"]
[Source "ChessBase"]
[SourceQuality "1"]
[TimeControl "40/5400+30:1800+30"]

1. e4 e5 2. Nf3 Nc6 3. d4 exd4 4. Nxd4 Bc5 5. Nb3 Bb6 6. a4 a6 7. a5 Ba7 8. Nc3 d6 9. Qe2 Be6 10. g3 Nge7 11. Nd5 Qd7 12. Nxe7 Qxe7 13. Bg2 Qf6 14. O-O Ne5 15. Nd2 Bg4 16. Qe1 Bc5 17. Kh1 Nf3 18. Nxf3 Bxf3 19. c3 O-O 20. Qd2 Rfe8 21. Qd3 Bxg2+ 22. Kxg2 Qe6 23. b4 Ba7 24. f3 Rad8 25. Re1 f6 26. Bd2 Qf7 27. Rad1 g6 28. Qd5 c6 29. Qxf7+ Kxf7 30. Be3 Bb8 31. Bd4 Bc7 32. Re2 Re7 33. Rde1 Rc8 34. Ra1 Bd8 35. Kf2 Ke6 36. f4 Rd7 37. Rd2 f5 38. exf5+ gxf5 39. Be3 Bf6 40. Re1 Kf7 41. Bd4 c5 42. Bxf6 Kxf6 43. Red1 cxb4 44. cxb4 Rc6 45. h3 h5 46. Rd3 Kf7 47. Kf3 Rc4 48. Rd5 Ke6 49. R5d4 Rxd4 50. Rxd4 Rc7 51. Rd3 Rc1 52. g4 hxg4+ 53. hxg4 Rf1+ 54. Kg3 Rg1+ 55. Kf3 Rxg4 56. b5 Rg1 57. b6 Ra1 58. Rc3 Rxa5 59. Rc7 Kd5 60. Rxb7 Kc6 61. Rb8 Rb5 62. b7 Rxb7 0-1